Conferencia leída el día 21 de noviembre de 1942, ante la Real Academia de Buenas Letras de Barcelona en la Exposición Bibliográfica Boscán / Ramón D. Perés
Descripción Física:
19 p. ; 24 cm
Materias:
Boscán, Juan
MARC
| LEADER | 00000nam a2200000Ia 4500 | ||
|---|---|---|---|
| 001 | 14755 | ||
| 008 | 160829s1944 xx 000 0 cat d | ||
| 080 | |a FU-29-33 | ||
| 100 | |a Perés, Ramón D. |9 25943 | ||
| 245 | |a Conferencia leída el día 21 de noviembre de 1942, ante la Real Academia de Buenas Letras de Barcelona en la Exposición Bibliográfica Boscán / Ramón D. Perés | ||
| 260 | |a Barcelona : |b Casa Provincial de Caridad, Imprenta - Escuela, |c 1944 | ||
| 300 | |a 19 p. ; |c 24 cm | ||
| 590 | |a Separata de: Homenaje a Boscán. | ||
| 590 | |a Títol del discurs: El eterno Boscán. | ||
| 590 | |a Notes, referències bibliogràfiques | ||
| 650 | |a Boscán, Juan |9 33748 | ||
| 856 | 4 | |u https://media.diba.cat/diba/fitxers/arxiu/fulletons/bib_14755_1944_baixa.pdf |y Accés lliure | |
| 856 | 4 | |u https://media.diba.cat/diba/fitxers/arxiu/fulletons/bib_14755_1944_baixa.pdf |y Accés lliure | |
| 901 | |a Arxiu | ||
| 942 | |n 1 |2 udc | ||
| 952 | |0 0 |1 0 |4 0 |6 FU2933 |7 1 |9 43833 |a Arxiu |b Arxiu |d 2016-12-01 |l 0 |o FU-29-33 |p 14755 |r 2016-12-01 00:00:00 |w 2016-12-01 |y ARXIU | ||
| 999 | |c 46412 |d 46412 | ||
| 900 | |a bib_14755_1944_baixa.pdf | ||